[Event "TCh-ESP CECLUB 5th-12th 2013"]
[Site "Linares ESP"]
[Date "2013.08.24"]
[Round "1.1"]
[White "Cucarella Montell, Angels"]
[Black "Moreno Ruiz, Javier"]
[Result "0-1"]
[BlackTitle "IM"]
[WhiteElo "1996"]
[BlackElo "2471"]
[WhiteTeam "CONTENEO BILBAO HAITZAK"]
[BlackTeam "C.A. COLLADO VILLALBA"]
[WhiteFideId "2280230"]
[BlackFideId "2203146"]
[EventDate "2013.08.24"]

1. e4 c5 2. Nf3 Nc6 3. d4 cxd4 4. Nxd4 g6 5. Nc3 Bg7 6. Nde2 Nf6 7. g3 b5 8. Bg2
Rb8 9. a3 a5 10. O-O O-O 11. h3 d6 12. Ra2 Nd7 13. Be3 Nc5 14. Nd4 Nxd4 15. Bxd4
Bxd4 16. Qxd4 e5 17. Qd2 Be6 18. Raa1 Qb6 19. Rad1 Rbd8 20. Nd5 Bxd5 21. Qxd5 b4
22. axb4 axb4 23. Kh2 Kg7 24. f4 f6 25. c3 bxc3 26. bxc3 Qb7 27. Qxb7+ Nxb7 28.
Rb1 Nc5 29. Rb6 exf4 30. gxf4 Rfe8 31. Rb4 Kf7 32. Rd4 Ke7 33. Kg3 Rc8 34. Rfd1
Red8 35. h4 Ne6 36. R4d3 Rc4 37. Re3 Rdc8 38. Rc1 Nc5 39. e5 dxe5 40. fxe5 f5
41. Kh3 Ne6 42. Bf1 Rg4 43. Ra1 Nf4+ 44. Kh2 Rxh4+ 45. Kg1 Ne6 46. Bg2 Rhc4 47.
Ra3 R4c5 48. Ra7+ R8c7 49. Rxc7+ Rxc7 50. Bd5 Rc5 51. c4 Nf4 52. Bg8 h5 53. Kh2
Kf8 54. e6 Ke7 55. Ra3 Nxe6 56. Ra6 Nf4 57. Kg3 g5 0-1

[Event "TCh-ESP CECLUB 5th-12th 2013"]
[Site "Linares ESP"]
[Date "2013.08.24"]
[Round "1.1"]
[White "Cao Armillas, Jesus"]
[Black "Valdezate Suarez, Fernando"]
[Result "1-0"]
[WhiteElo "2184"]
[BlackElo "1988"]
[WhiteTeam "C.A. COLLADO VILLALBA"]
[BlackTeam "CONTENEO BILBAO HAITZAK"]
[WhiteFideId "2212269"]
[BlackFideId "2276992"]
[EventDate "2013.08.24"]

1. d4 Nf6 2. c4 g6 3. Nc3 Bg7 4. e4 d6 5. f3 O-O 6. Bg5 c5 7. d5 e6 8. Qd2 exd5
9. cxd5 Re8 10. Bd3 a6 11. a4 Nbd7 12. Nge2 Ne5 13. Bc2 Nc4 14. Qc1 Qb6 15. b3
Ne5 16. Rb1 Rb8 17. Be3 Qc7 18. O-O b5 19. axb5 axb5 20. b4 c4 21. Qd2 Ba6 22.
Nd4 Ned7 23. Ra1 Rb6 24. Ra5 Nb8 25. Rfa1 Qb7 26. Qf2 Nfd7 27. Nde2 Rc8 28. Bxb6
Nxb6 29. Rb1 N6d7 30. Nd4 Bxd4 31. Qxd4 Ne5 32. Rba1 Ned7 33. Kh1 g5 34. h3 h6
35. Qe3 Re8 36. h4 f6 37. hxg5 hxg5 38. Qd4 Re7 39. g3 Ne5 40. Kg2 Rh7 41. Rh1
Rxh1 42. Kxh1 Qh7+ 43. Kg2 Nxf3 44. Kxf3 Qh1+ 45. Ke2 Bc8 46. Qd1 1-0

[Event "TCh-ESP CECLUB 5th-12th 2013"]
[Site "Linares ESP"]
[Date "2013.08.24"]
[Round "1.2"]
[White "Miton, Kamil"]
[Black "Barbero Sendic, Alejandro"]
[Result "1/2-1/2"]
[WhiteTitle "GM"]
[BlackTitle "FM"]
[WhiteElo "2609"]
[BlackElo "2363"]
[WhiteTeam "C.A. CIRCULO DE LAS ARTES DE LUGO"]
[BlackTeam "C.E. LLEIDA"]
[WhiteFideId "1111914"]
[BlackFideId "3001288"]
[EventDate "2013.08.24"]

1. d4 d5 2. c4 e6 3. Nf3 c5 4. cxd5 exd5 5. g3 Nc6 6. Bg2 Nf6 7. O-O Be7 8. Nc3
O-O 9. dxc5 Bxc5 10. Na4 Be7 11. Be3 Ne4 12. Rc1 Re8 13. Nd4 Nxd4 14. Bxd4 Be6
15. Nc3 Nxc3 16. Rxc3 Qa5 17. a3 Rac8 18. e3 b5 19. Qa1 Bf8 20. Rfc1 Rxc3 21.
Bxc3 Qa4 22. Bd4 a5 23. Bf3 b4 24. Bd1 Qb5 25. a4 Qb7 26. b3 Bf5 27. Bf3 Be4 28.
Bxe4 dxe4 29. Qb1 g6 30. Qc2 Bg7 31. Bxg7 Kxg7 32. Qc5 Qa6 33. Rc4 Qf6 34. Qd4
Qxd4 35. Rxd4 Kf6 36. Rd6+ Re6 37. Rd5 1/2-1/2

[Event "TCh-ESP CECLUB 5th-12th 2013"]
[Site "Linares ESP"]
[Date "2013.08.24"]
[Round "1.2"]
[White "Trepat Herranz, Joan"]
[Black "Dziuba, Marcin"]
[Result "0-1"]
[WhiteTitle "FM"]
[BlackTitle "GM"]
[WhiteElo "2315"]
[BlackElo "2589"]
[WhiteTeam "C.E. LLEIDA"]
[BlackTeam "C.A. CIRCULO DE LAS ARTES DE LUGO"]
[WhiteFideId "2257459"]
[BlackFideId "1112953"]
[EventDate "2013.08.24"]

1. e4 c5 2. Nf3 d6 3. d4 cxd4 4. Qxd4 Nc6 5. Bb5 Bd7 6. Bxc6 Bxc6 7. Nc3 Nf6 8.
Bg5 e6 9. O-O-O Be7 10. Rhe1 O-O 11. Qd2 Rc8 12. Nd4 h6 13. Be3 Bxe4 14. Bxh6
Rxc3 15. Qxc3 gxh6 16. Qh3 Qa5 17. Kb1 Qg5 18. f3 Bg6 19. g3 d5 20. Qg2 Bc5 21.
h4 Qh5 22. Ne2 e5 23. Nc3 e4 24. fxe4 dxe4 25. Rf1 Qe5 26. g4 e3 27. g5 hxg5 28.
hxg5 Ne4 29. Nxe4 Qxe4 30. Qe2 Qxc2+ 0-1

[Event "TCh-ESP CECLUB 5th-12th 2013"]
[Site "Linares ESP"]
[Date "2013.08.24"]
[Round "1.2"]
[White "Gonzalez Diaz, Diego"]
[Black "Coll Ortega, Jordi"]
[Result "1-0"]
[WhiteTitle "FM"]
[BlackTitle "FM"]
[WhiteElo "2309"]
[BlackElo "2307"]
[WhiteTeam "C.A. CIRCULO DE LAS ARTES DE LUGO"]
[BlackTeam "C.E. LLEIDA"]
[WhiteFideId "2207524"]
[BlackFideId "2281015"]
[EventDate "2013.08.24"]

1. d4 d5 2. Nf3 Nf6 3. e3 c6 4. Bd3 Bg4 5. Nbd2 e6 6. O-O Nbd7 7. b3 Bd6 8. Bb2
O-O 9. Qe1 Qb8 10. h3 Bh5 11. c4 Re8 12. Rc1 e5 13. Nxe5 Nxe5 14. dxe5 Bxe5 15.
Bxe5 Qxe5 16. g4 Bg6 17. Nf3 Qd6 18. Bxg6 hxg6 19. Qd2 Ne4 20. Qd4 dxc4 21. Rxc4
Qe6 22. Rd1 c5 23. Qd5 Qe7 24. Rcc1 Qf6 25. Kg2 Qb2 26. Rf1 b6 27. Rcd1 Rad8 28.
Qxe4 Rxe4 29. Rxd8+ Kh7 30. Ng5+ Kh6 31. Rd4 1-0

[Event "TCh-ESP CECLUB 5th-12th 2013"]
[Site "Linares ESP"]
[Date "2013.08.24"]
[Round "1.2"]
[White "Rodriguez Melgar, Josep M."]
[Black "Gonzalez Diaz, Julio"]
[Result "0-1"]
[WhiteElo "2190"]
[BlackElo "2284"]
[WhiteTeam "C.E. LLEIDA"]
[BlackTeam "C.A. CIRCULO DE LAS ARTES DE LUGO"]
[WhiteFideId "2213460"]
[BlackFideId "2207613"]
[EventDate "2013.08.24"]

1. e4 d6 2. d4 Nf6 3. Nc3 g6 4. f4 Bg7 5. Nf3 c5 6. Be3 cxd4 7. Nxd4 O-O 8. Qd2
Ng4 9. Bg1 e5 10. Nde2 exf4 11. Nxf4 Nc6 12. O-O-O Qa5 13. Bc4 Nge5 14. Bb3 b5
15. Ncd5 Qd8 16. c3 Bg4 17. Ne2 Rb8 18. h3 Bxe2 19. Qxe2 a5 20. Kb1 a4 21. Bc2
a3 22. b3 b4 23. c4 Nd7 24. Be3 Re8 25. Rhf1 Rb7 26. Qf2 Rf8 27. g4 Qe8 28. Qg3
Qe6 29. g5 Nce5 30. Bd4 f6 31. gxf6 Nxf6 32. Bxe5 dxe5 33. Bd3 Nh5 34. Qe3 Rxf1
35. Bxf1 Bf8 36. c5 Qc6 37. Bc4 Kg7 38. Qg5 Qxc5 39. Qxe5+ Kh6 40. h4 Bd6 41.
Qg5+ Kg7 42. e5 Qf2 43. Rd2 Qe1+ 44. Kc2 Qxe5 45. Qd8 Qb2+ 46. Kd3 Qb1+ 47. Kd4
Qg1+ 48. Kd3 Qb1+ 49. Kd4 Qg1+ 50. Kd3 Be5 51. Ne3 Nf6 52. Ke2 Qh2+ 53. Kd1 Qh1+
54. Ke2 Qh2+ 55. Kd1 Qh1+ 56. Ke2 Qxh4 57. Nd5 Qe4+ 58. Ne3 Bc3 59. Rd6 Re7 60.
Rd3 Qg2+ 61. Kd1 Qg1+ 62. Ke2 Qg2+ 63. Kd1 Qg1+ 64. Ke2 Qe1+ 65. Kf3 Qh1+ 66.
Ke2 Qh5+ 67. Kf1 Qf3+ 68. Kg1 Qg3+ 69. Kf1 Rxe3 70. Rd7+ Nxd7 71. Qg8+ Kh6 72.
Qxh7+ Kxh7 73. Bg8+ Kh6 0-1

[Event "TCh-ESP CECLUB 5th-12th 2013"]
[Site "Linares ESP"]
[Date "2013.08.24"]
[Round "1.3"]
[White "Moreno Trujillo, Alejandro"]
[Black "Bernal Moro, Luis Javier"]
[Result "1-0"]
[WhiteTitle "IM"]
[BlackTitle "IM"]
[WhiteElo "2533"]
[BlackElo "2430"]
[WhiteTeam "CAMFIL - 64 VILLALBA"]
[BlackTeam "C.A. SOLVAY B"]
[WhiteFideId "2217880"]
[BlackFideId "2200236"]
[EventDate "2013.08.24"]

1. d4 Nf6 2. Nf3 g6 3. c4 Bg7 4. Nc3 O-O 5. e4 d6 6. h3 e5 7. d5 a5 8. Bg5 Na6
9. Nd2 Qe8 10. Be2 Nd7 11. a3 f6 12. Bh4 Nb6 13. b3 Bd7 14. Rb1 Nc5 15. Qc2 f5
16. O-O Bh6 17. b4 axb4 18. axb4 Nxe4 19. Ndxe4 fxe4 20. c5 Na4 21. Nxe4 Bf5 22.
Bd3 Bxe4 23. Bxe4 Rf4 24. Bg3 Rxe4 25. Qxe4 Nc3 26. Qc4 Nxb1 27. Rxb1 Qa4 28.
Qg4 Qc2 29. Rf1 Qf5 30. Qc4 Qf7 31. Rd1 Qd7 32. b5 b6 33. cxb6 cxb6 34. Qc6 Qd8
35. Qc4 Qc8 36. Qh4 Bf8 37. Kh2 Qc5 38. Qg4 Qxb5 39. Qe6+ Kh8 40. Rc1 Re8 41.
Qf7 Bg7 42. Bh4 Rf8 43. Rc4 1-0

[Event "TCh-ESP CECLUB 5th-12th 2013"]
[Site "Linares ESP"]
[Date "2013.08.24"]
[Round "1.3"]
[White "Rodriguez Fontecha, Marcos"]
[Black "Taboas Rodriguez, Daniel"]
[Result "1/2-1/2"]
[WhiteTitle "FM"]
[BlackTitle "FM"]
[WhiteElo "2317"]
[BlackElo "2412"]
[WhiteTeam "C.A. SOLVAY B"]
[BlackTeam "CAMFIL - 64 VILLALBA"]
[WhiteFideId "2256576"]
[BlackFideId "2208466"]
[EventDate "2013.08.24"]

1. d4 Nf6 2. Nf3 g6 3. Bg5 Bg7 4. c3 b6 5. Nbd2 Bb7 6. e3 O-O 7. Bd3 c5 8. O-O
Nc6 9. Qe2 d6 10. Ba6 Qc8 11. Bxb7 Qxb7 12. Rfd1 Rac8 13. Ne1 Rc7 14. Nd3 Rfc8
15. Nf4 Na5 16. Qf3 cxd4 17. Qxb7 Nxb7 18. exd4 e6 19. Nd3 Nd5 20. a4 h6 21. Bh4
g5 22. Bg3 f5 23. h3 a6 24. Re1 Kf7 25. Bh2 Nxc3 26. bxc3 Rxc3 27. Rac1 Bxd4 28.
Nf3 Bf6 29. Kf1 e5 30. Rxc3 Rxc3 31. Nb4 Nc5 32. Rd1 Ne4 33. Nd2 Nxd2+ 34. Rxd2
a5 35. Nd5 Rc6 36. f3 Bd8 37. Ke2 Ke6 38. Bg1 h5 39. Be3 f4 40. Bf2 Rc4 41. Bxb6
Bxb6 42. Nxb6 Rb4 43. Nd5 Rxa4 44. Nc7+ Kf5 45. Ne8 d5 46. Rxd5 Ra2+ 47. Rd2
Rxd2+ 48. Kxd2 g4 49. hxg4+ hxg4 50. Nd6+ Ke6 51. Ne4 gxf3 52. gxf3 a4 53. Kc3
Kd5 54. Nf6+ Ke6 55. Ne4 Kd5 56. Nf6+ Ke6 57. Ng4 Kd5 58. Nf2 a3 59. Ne4 a2 60.
Kb2 Kd4 61. Kxa2 Ke3 62. Ng5 e4 63. fxe4 f3 64. Nxf3 Kxe4 1/2-1/2

[Event "TCh-ESP CECLUB 5th-12th 2013"]
[Site "Linares ESP"]
[Date "2013.08.24"]
[Round "1.3"]
[White "Blasco De La Cruz, Luis"]
[Black "Martin Fuentes, Alberto"]
[Result "0-1"]
[BlackTitle "FM"]
[WhiteElo "2023"]
[BlackElo "2320"]
[WhiteTeam "CAMFIL - 64 VILLALBA"]
[BlackTeam "C.A. SOLVAY B"]
[WhiteFideId "2219107"]
[BlackFideId "2292289"]
[EventDate "2013.08.24"]

1. d4 Nf6 2. Bf4 c5 3. e3 Qb6 4. Nc3 d6 5. Bb5+ Bd7 6. dxc5 Qxc5 7. Bxd7+ Nbxd7
8. Nge2 g6 9. O-O Bg7 10. e4 O-O 11. Be3 Qb4 12. f3 Rfc8 13. Rb1 Ne5 14. a3 Qa5
15. Qc1 a6 16. Rd1 b5 17. Nd5 Nxd5 18. Rxd5 Rc4 19. c3 Qc7 20. Qd1 Qb7 21. h3
Rac8 22. Nc1 R4c7 23. Nb3 Nc4 24. Bf2 Bh6 25. Rd3 a5 26. Be1 Bf4 27. Qe2 Bh6 28.
Kh1 Bg7 29. Nd2 Nb6 30. Nb3 Qa6 31. Rdd1 Nc4 32. Nd2 Qb6 33. Bf2 Qb7 34. Nxc4
Rxc4 35. Bd4 Bxd4 36. Rxd4 Rxd4 37. cxd4 Qc6 38. Rd1 Qc2 39. Rd2 Qc1+ 40. Rd1
Rc2 41. Rxc1 Rxe2 42. b4 axb4 43. axb4 Rb2 44. Rc7 Kf8 45. d5 Rxb4 46. Kh2 Rb2
47. Rb7 b4 48. Kg3 b3 49. h4 Rb1 50. Kh2 f6 51. Kg3 Kf7 52. Kh2 f5 53. exf5 gxf5
54. Kg3 Kf6 55. Kf4 Rb2 56. Kg3 Rd2 57. Rxb3 Rxd5 58. Rb7 Rd2 59. f4 h6 60. Rc7
Ra2 61. Rc8 Kg7 62. Rc7 Kf7 63. Rc8 Ra7 64. Rh8 Kg7 65. Rd8 Ra6 66. Re8 Ra7 67.
Rd8 Ra4 68. Re8 Re4 69. Rd8 Kf7 70. h5 Re1 71. Rh8 Kg7 72. Re8 Re3+ 73. Kf2 Re4
74. Kf3 e5 75. fxe5 Rxe5 76. Rd8 Re6 77. Kf4 Rf6 78. Rd7+ Kf8 79. g4 fxg4+ 80.
Kxg4 Ke8 81. Ra7 Rf7 82. Ra6 Ke7 83. Ra7+ Ke6 84. Rxf7 Kxf7 85. Kf5 Ke7 86. Kg6
d5 87. Kf5 Kd6 88. Kf4 Ke6 89. Ke3 Kf5 90. Kd4 Kg4 91. Kxd5 Kxh5 92. Kd4 Kg4 93.
Ke3 Kg3 94. Ke2 Kg2 95. Ke3 h5 96. Kd4 0-1

[Event "TCh-ESP CECLUB 5th-12th 2013"]
[Site "Linares ESP"]
[Date "2013.08.24"]
[Round "1.4"]
[White "Barrero Garcia, Carlos"]
[Black "Andres Gonzalez, Ivan"]
[Result "1/2-1/2"]
[WhiteTitle "FM"]
[BlackTitle "FM"]
[WhiteElo "2371"]
[BlackElo "2311"]
[WhiteTeam "PENA AJEDRECISTICA OROMANA"]
[BlackTeam "UNIVERSIDAD DE OVIEDO"]
[WhiteFideId "2219522"]
[BlackFideId "2217783"]
[EventDate "2013.08.24"]

1. e4 c5 2. Nf3 d6 3. d4 cxd4 4. Nxd4 Nf6 5. Nc3 e5 6. Bb5+ Bd7 7. Bxd7+ Qxd7 8.
Nb3 Qc6 9. f3 Nbd7 10. Be3 Be7 11. Qd3 O-O 12. O-O-O Rfc8 13. g4 a5 14. a4 Nb6
15. Bxb6 Qxb6 16. Nd2 Qc6 17. Ndb1 Nd7 18. Na3 d5 19. exd5 Qh6+ 20. Kb1 Bxa3 21.
bxa3 Qb6+ 22. Nb5 Nc5 23. Qc4 Ne6 24. Qb3 Nc5 25. Qc4 Ne6 26. Qb3 Nc5 1/2-1/2

[Event "TCh-ESP CECLUB 5th-12th 2013"]
[Site "Linares ESP"]
[Date "2013.08.24"]
[Round "1.4"]
[White "Recuero Guerra, Javier"]
[Black "Reales Murto, Manuel Jose"]
[Result "1-0"]
[WhiteTitle "FM"]
[BlackTitle "FM"]
[WhiteElo "2228"]
[BlackElo "2292"]
[WhiteTeam "UNIVERSIDAD DE OVIEDO"]
[BlackTeam "PENA AJEDRECISTICA OROMANA"]
[WhiteFideId "2254085"]
[BlackFideId "2201194"]
[EventDate "2013.08.24"]

1. c4 Nf6 2. Nf3 g6 3. b4 Bg7 4. Bb2 O-O 5. g3 d6 6. Bg2 Bd7 7. O-O Qc8 8. Re1
Bh3 9. Bh1 h6 10. d3 Nbd7 11. Nbd2 Re8 12. a4 e5 13. a5 a6 14. Qc2 Rb8 15. Rec1
c6 16. Ne1 Nh5 17. b5 f5 18. bxc6 bxc6 19. Rab1 Qc7 20. Qa4 Rbc8 21. Ba3 e4 22.
dxe4 f4 23. Bg2 Bg4 24. Nef3 fxg3 25. hxg3 Nhf6 26. c5 dxc5 27. Bxc5 Nxc5 28.
Rxc5 Bd7 29. Qc2 Bf8 30. Rc3 Kh7 31. Nh4 Ng8 32. e5 Rxe5 33. Qxg6+ Kh8 34. Qf7
Bf5 35. Qxc7 Rxc7 36. Nxf5 Rxf5 37. Rf3 Rcf7 38. Nc4 Kg7 39. Rb6 Rc5 40. Rxf7+
Kxf7 41. Rxc6 Nf6 42. Rxc5 Bxc5 43. Bb7 Ke6 44. Bxa6 Kd5 45. Nd2 Bb4 46. Nb3 Ne8
47. Bd3 Kc6 48. Kg2 Nc7 49. e4 Ne6 50. f4 Nc5 51. Nxc5 Bxc5 52. g4 Ba7 53. Kf3
Kc5 54. e5 Kd5 55. Be4+ Ke6 56. Bb7 Bc5 57. Ke4 Ba7 58. a6 Bb8 59. Bc8+ Ke7 60.
Kd5 Kd8 61. Bf5 1-0

[Event "TCh-ESP CECLUB 5th-12th 2013"]
[Site "Linares ESP"]
[Date "2013.08.24"]
[Round "1.4"]
[White "Gallardo Fernandez, Cesar"]
[Black "Alonso Alvarez, Aitor"]
[Result "1-0"]
[WhiteElo "2240"]
[BlackElo "2221"]
[WhiteTeam "PENA AJEDRECISTICA OROMANA"]
[BlackTeam "UNIVERSIDAD DE OVIEDO"]
[WhiteFideId "2225280"]
[BlackFideId "2257050"]
[EventDate "2013.08.24"]

1. e4 c5 2. c3 d6 3. d4 Nf6 4. Bd3 g6 5. Nf3 Bg7 6. O-O O-O 7. Bg5 Nc6 8. d5 Nb8
9. h3 Nbd7 10. Nbd2 Rb8 11. a4 b6 12. Nh2 Kh8 13. f4 Bb7 14. Qe2 Qc7 15. Rae1
Rbe8 16. Ng4 Ng8 17. Qf2 Ndf6 18. Ne3 Nd7 19. Nf3 Ngf6 20. c4 e6 21. e5 Ng8 22.
dxe6 Rxe6 23. Nd5 Bxd5 24. cxd5 Ree8 25. e6 Ndf6 26. Ne5 Nxd5 27. Nxf7+ Rxf7 28.
exf7 Qxf7 29. Qf3 Bd4+ 30. Kh1 Ne3 31. Rf2 Ng4 32. Rfe2 Nf2+ 33. Kh2 Rxe2 34.
Bxe2 d5 35. Bb5 Ne4 36. b3 Ngf6 37. Bd3 Nd6 38. Bxf6+ Bxf6 39. f5 gxf5 40. Bxf5
Bd4 41. Be6 Qxf3 42. gxf3 Bc3 43. Rg1 Be5+ 44. Kh1 Bg7 45. Bxd5 Nf5 46. Re1 Bd4
47. Re8+ Kg7 48. Be4 Ng3+ 49. Kg2 Ne2 50. Re7+ Kf6 51. Rxa7 Nc1 52. Rb7 Ke5 53.
Rxb6 1-0

[Event "TCh-ESP CECLUB 5th-12th 2013"]
[Site "Linares ESP"]
[Date "2013.08.25"]
[Round "2.1"]
[White "Dura Olmos, Gines Raul"]
[Black "Vazquez Igarza, Renier"]
[Result "0-1"]
[BlackTitle "GM"]
[WhiteElo "2042"]
[BlackElo "2580"]
[WhiteTeam "CONTENEO BILBAO HAITZAK"]
[BlackTeam "C.A. COLLADO VILLALBA"]
[WhiteFideId "2262010"]
[BlackFideId "3503054"]
[EventDate "2013.08.24"]

1. e4 e5 2. Nf3 Nc6 3. Bb5 a6 4. Ba4 Nf6 5. d4 exd4 6. O-O Be7 7. Re1 b5 8. Bb3
O-O 9. e5 Ne8 10. Nxd4 Nxd4 11. Qxd4 Bb7 12. c3 d6 13. e6 fxe6 14. Rxe6 Kh8 15.
Rh6 Bf6 16. Rxh7+ Kxh7 17. Qd3+ g6 18. Bc2 Qe7 19. Qxg6+ Kh8 20. Be3 Be5 21. Nd2
Nf6 22. Bg5 Qg7 23. Qf5 Nh7 24. Qh3 Bc8 25. Qh4 Bf5 26. Nb1 0-1

[Event "TCh-ESP CECLUB 5th-12th 2013"]
[Site "Linares ESP"]
[Date "2013.08.25"]
[Round "2.1"]
[White "Moreno Ruiz, Javier"]
[Black "Cucarella Montell, Angels"]
[Result "1-0"]
[WhiteTitle "IM"]
[WhiteElo "2471"]
[BlackElo "1996"]
[WhiteTeam "C.A. COLLADO VILLALBA"]
[BlackTeam "CONTENEO BILBAO HAITZAK"]
[WhiteFideId "2203146"]
[BlackFideId "2280230"]
[EventDate "2013.08.24"]

1. d4 d5 2. c4 e6 3. Nc3 c5 4. cxd5 exd5 5. Nf3 Nc6 6. g3 Nf6 7. Bg2 Be7 8. O-O
O-O 9. dxc5 Bxc5 10. Bg5 Be7 11. Ne1 d4 12. Bxf6 Bxf6 13. Ne4 Bg4 14. Nd3 Re8
15. Re1 Be7 16. a3 Rc8 17. b4 Bf8 18. Rc1 Qe7 19. Qa4 Ne5 20. Nf4 Red8 21. Rxc8
Rxc8 22. Qxa7 Nc6 23. Qa4 Qe5 24. Nd3 Qh5 25. h3 Bd7 26. Qb3 Be6 27. Qb2 Rd8 28.
Rd1 Qb5 29. Nec5 Bd5 30. Bxd5 Rxd5 31. Qc2 Ne5 32. Nxe5 Rxe5 33. Nd3 Rh5 34. Nf4
Rh6 35. Rxd4 Rc6 36. Qd2 Qb6 37. Nd5 1-0

[Event "TCh-ESP CECLUB 5th-12th 2013"]
[Site "Linares ESP"]
[Date "2013.08.25"]
[Round "2.1"]
[White "Valdezate Suarez, Fernando"]
[Black "Cao Armillas, Jesus"]
[Result "0-1"]
[WhiteElo "1988"]
[BlackElo "2184"]
[WhiteTeam "CONTENEO BILBAO HAITZAK"]
[BlackTeam "C.A. COLLADO VILLALBA"]
[WhiteFideId "2276992"]
[BlackFideId "2212269"]
[EventDate "2013.08.24"]

1. d4 Nf6 2. c4 g6 3. Nc3 d5 4. Bg5 Ne4 5. Bh4 Nxc3 6. bxc3 Bg7 7. e3 O-O 8. Qb3
c6 9. Nf3 Re8 10. Be2 Qb6 11. c5 Qxb3 12. axb3 Bg4 13. h3 Bxf3 14. Bxf3 Na6 15.
Be2 Nxc5 16. Ra3 Ne4 17. c4 e5 18. f3 Nc3 19. dxe5 Rxe5 20. Kd2 Nxe2 21. Kxe2
Bf8 22. Ra2 Bc5 23. Bf2 Bxe3 24. Bxe3 Rae8 25. cxd5 cxd5 26. Rd1 Rxe3+ 27. Kf2
Rxb3 28. Rxa7 Rb2+ 29. Kg3 Ree2 30. Rxd5 Rxg2+ 31. Kf4 Rb4+ 32. Ke3 Rb3+ 33. Ke4
Re2+ 34. Kf4 Rf2 35. h4 Rbxf3+ 36. Kg5 Kg7 37. h5 h6+ 38. Kg4 f5+ 0-1

[Event "TCh-ESP CECLUB 5th-12th 2013"]
[Site "Linares ESP"]
[Date "2013.08.25"]
[Round "2.2"]
[White "Barbero Sendic, Alejandro"]
[Black "Miton, Kamil"]
[Result "1/2-1/2"]
[WhiteTitle "FM"]
[BlackTitle "GM"]
[WhiteElo "2363"]
[BlackElo "2609"]
[WhiteTeam "C.E. LLEIDA"]
[BlackTeam "C.A. CIRCULO DE LAS ARTES DE LUGO"]
[WhiteFideId "3001288"]
[BlackFideId "1111914"]
[EventDate "2013.08.24"]

1. e4 c5 2. Nf3 Nc6 3. d4 cxd4 4. Nxd4 e5 5. Nb5 d6 6. N1c3 a6 7. Na3 b5 8. Nd5
Nge7 9. c4 Nd4 10. Be3 Nxd5 11. cxd5 g6 12. Bd3 Bg7 13. O-O O-O 14. Nc2 Bd7 15.
Qd2 f5 16. f3 Nxc2 17. Bxc2 Qb8 18. b4 f4 19. Bf2 Bf6 20. Rfc1 Kg7 21. a4 Rc8
22. a5 Qb7 23. Kh1 Rc4 24. Bd3 Rxc1+ 25. Rxc1 Rc8 26. Bb6 Rxc1+ 27. Qxc1 Qc8 28.
Qxc8 Bxc8 29. Bc7 Be7 30. Kg1 g5 1/2-1/2

[Event "TCh-ESP CECLUB 5th-12th 2013"]
[Site "Linares ESP"]
[Date "2013.08.25"]
[Round "2.2"]
[White "Dziuba, Marcin"]
[Black "Trepat Herranz, Joan"]
[Result "1-0"]
[WhiteTitle "GM"]
[BlackTitle "FM"]
[WhiteElo "2589"]
[BlackElo "2315"]
[WhiteTeam "C.A. CIRCULO DE LAS ARTES DE LUGO"]
[BlackTeam "C.E. LLEIDA"]
[WhiteFideId "1112953"]
[BlackFideId "2257459"]
[EventDate "2013.08.24"]

1. Nf3 c5 2. g3 Nc6 3. Bg2 g6 4. O-O Bg7 5. c4 e6 6. Nc3 Nge7 7. d4 cxd4 8. Nb5
O-O 9. Nbxd4 Nxd4 10. Nxd4 d5 11. cxd5 Nxd5 12. a4 Qb6 13. Nb3 Rd8 14. a5 Qc7
15. Bg5 Nf6 16. Qc1 Qxc1 17. Raxc1 h6 18. Bxf6 Bxf6 19. a6 Rb8 20. Na5 bxa6 21.
Nc6 Bd7 22. Nxd8 Bxd8 23. Bc6 Bxc6 24. Rxc6 Bf6 25. Rxa6 Rxb2 26. Rxa7 Rxe2 27.
Rd1 g5 28. Rdd7 Kg7 29. Rxf7+ Kg6 30. Rfd7 g4 31. Ra3 Bg5 32. Rda7 h5 33. Ra2
Re1+ 34. Kg2 Bf6 35. R7a4 Be5 36. Rc4 Kf5 37. h3 Re4 38. Rxe4 Kxe4 39. Ra5 Kf5
40. h4 Ke4 41. Kf1 Kf3 42. Ra6 1-0

[Event "TCh-ESP CECLUB 5th-12th 2013"]
[Site "Linares ESP"]
[Date "2013.08.25"]
[Round "2.2"]
[White "Coll Ortega, Jordi"]
[Black "Gonzalez Diaz, Julio"]
[Result "1-0"]
[WhiteTitle "FM"]
[WhiteElo "2307"]
[BlackElo "2284"]
[WhiteTeam "C.E. LLEIDA"]
[BlackTeam "C.A. CIRCULO DE LAS ARTES DE LUGO"]
[WhiteFideId "2281015"]
[BlackFideId "2207613"]
[EventDate "2013.08.24"]

1. e4 d6 2. d4 Nf6 3. Nc3 g6 4. Be3 c6 5. f3 Nbd7 6. g4 b5 7. a4 b4 8. Nce2 Ba6
9. g5 Nh5 10. Ng3 Bxf1 11. Kxf1 Nxg3+ 12. hxg3 Bg7 13. Ne2 d5 14. e5 f6 15. Nf4
Nf8 16. gxf6 exf6 17. exf6 Qxf6 18. Qd2 Nd7 19. Qxb4 Rb8 20. Qa3 Bf8 21. Qd3 Bd6
22. Re1 O-O 23. b3 Rbe8 24. Kf2 Qf7 25. Bd2 Nf6 26. Rxe8 Rxe8 27. Re1 Rf8 28.
Kg2 Re8 29. Rxe8+ Nxe8 30. Qa6 Qd7 31. Nd3 Ng7 32. Bf4 Nf5 33. Bxd6 Qxd6 34.
Qc8+ Kg7 35. Ne5 Nxd4 36. Qb7+ Kf6 37. Ng4+ Ke6 38. Qxh7 Qc5 39. Qxg6+ Ke7 40.
Ne5 Qc3 41. Qd3 Qxd3 42. Nxd3 Nxc2 43. b4 Ke6 44. g4 d4 45. f4 Kd5 46. Kf3 Kc4
47. Ne5+ Kd5 48. Nd3 Kc4 49. Ne5+ Kc3 50. Ke4 Nxb4 51. g5 d3 52. Nxd3 Nxd3 53.
g6 Nb4 54. g7 Nd5 55. Ke5 Ne7 56. f5 1-0

[Event "TCh-ESP CECLUB 5th-12th 2013"]
[Site "Linares ESP"]
[Date "2013.08.25"]
[Round "2.3"]
[White "Bernal Moro, Luis Javier"]
[Black "Moreno Trujillo, Alejandro"]
[Result "1/2-1/2"]
[WhiteTitle "IM"]
[BlackTitle "IM"]
[WhiteElo "2430"]
[BlackElo "2533"]
[WhiteTeam "C.A. SOLVAY B"]
[BlackTeam "CAMFIL - 64 VILLALBA"]
[WhiteFideId "2200236"]
[BlackFideId "2217880"]
[EventDate "2013.08.24"]

1. c4 e6 2. Nf3 Nf6 3. g3 d5 4. Bg2 c6 5. b3 Nbd7 6. Bb2 Bd6 7. d4 Ne4 8. Nbd2
f5 9. Qc1 Qa5 10. O-O O-O 11. a3 Ndf6 12. Qc2 Qc7 13. Ne5 c5 14. cxd5 exd5 15.
Ndf3 b6 16. Rac1 a5 17. Nd3 Ba6 18. Nfe5 Rac8 19. f3 cxd4 20. Qxc7 Rxc7 21. Rxc7
Bxc7 22. fxe4 dxe4 23. Bxd4 exd3 24. Nxd3 Ne4 25. Rc1 Rd8 26. e3 Rc8 27. Bxe4
fxe4 28. Nf4 Bd8 29. Rxc8 Bxc8 30. Nd5 b5 31. b4 Be6 32. Nc3 axb4 33. axb4 Be7
34. Nxb5 Bxb4 35. Nc3 Bf5 36. h4 Bd6 37. Kf2 Kf7 38. Nb5 Be7 39. Be5 Bd7 40. Nd4
h6 41. Kg2 g5 42. hxg5 hxg5 43. Kf2 Ke8 44. Ne2 Kd8 45. Nc3 Bc6 46. Ne2 Kc8 47.
g4 Bd7 48. Ng3 Bc6 49. Nf5 Bd8 50. Kg3 Bd5 51. Nd4 Kd7 52. Bb8 Bf6 53. Kf2 Bb7
54. Kg2 Bxd4 55. exd4 e3+ 56. Kf1 Bf3 57. d5 Bxg4 58. Ba7 e2+ 59. Kf2 Bf3 60.
Be3 g4 61. Bf4 Ke7 62. d6+ Kd7 63. Bg3 1/2-1/2